| 000 | 00555nam a22001697a 4500 | ||
|---|---|---|---|
| 005 | 20251108171016.0 | ||
| 008 | 250721s1987 xx 000 0 ara d | ||
| 082 | 1 | 4 | _a332.1/أنس |
| 100 | 1 | _aالخمرة، أنس حسن الصغير | |
| 245 | 1 | 0 |
_aعبد الحميد شومان : _bأوجد التطبيقات المصرفية في العالم العربي أربوية هي أم مشروعة ؟ / |
| 264 | 1 |
_aعمان : _c1987. |
|
| 300 | _a87ص | ||
| 650 | 1 | 7 | _aالبنوك |
| 650 | 1 | 7 | _aالمصارف |
| 942 |
_2ddc _cBK |
||
| 999 |
_c54253 _d54253 |
||